| 000 | 00000nam##2200000za#4500 |
| 001 | 9.600349 |
| 003 | CaOODSP |
| 005 | 20210624205532 |
| 007 | cr ||||||||||| |
| 008 | 150406|2000||||xxc|||||o f|0| 0 fre|d |
| 040 | |aCaOODSP|bfre |
| 043 | |an-cn--- |
| 086 | 1 |aBT31-4/70-2000F-PDF |
| 110 | 1 |aCanada. |bConseil du trésor. |
| 245 | 10|aCommission des plaintes du public contre la GRC, rapport sur le rendement pour la période se terminant le 31 mars 2000 |h[ressource électronique] |
| 246 | 3 |aCommission des plaintes du public contre la GRC, rapport de rendement pour la période prenant fin le 31 mars 2000 |
| 260 | |aOttawa - Ontario : |bSecrétariat du Conseil du Trésor du Canada |cc2000. |
| 300 | |a24p.|bgraphique, organigramme, tableaux |
| 490 | 1 |aRapport sur le rendement pour la période se terminant le 31 mars 2000 |vPour la période se terminant le 31 mars 2000 |
| 590 | |a11-04-Supp|b2011-02-17 |
| 775 | 08|tRCMP Public Complaints Commission, performance report for the period ending March 31, 2000 |w(CaOODSP)9.569110 |
| 776 | 0#|tRCMP Public Complaints Commission |w(CaOODSP)9.534138 |
| 776 | 0#|tCommission des plaintes du public contre la GRC |w(CaOODSP)9.534139 |
| 830 | #0|aRapport sur le rendement pour la période se terminant le 31 mars 2000 ;|vPour la période se terminant le 31 mars 2000|w(CaOODSP)9.502702 |
| 856 | 40|ahttp://publications.gc.ca|qPDF|s314 Ko|uhttps://publications.gc.ca/collections/Collection/BT31-4-70-2000F.pdf|yPour la période se terminant le 31 mars 2000 |